000 00829cam a2200193 4500
008 090401t1998 xxu||||| |||| 00| 0 eng d
020 _a0415170036
035 _a(Sirsi) u89565
041 _aeng
050 _a306.1
_c18
100 _aKing, P.
245 _aHousing, individuals and the state
_bthe morality of government intervention
260 _aLondon
_bRoutledge
_c1998
300 _axiv, 178p.
_c24cm.
490 _aRICS Issues in Real Estate and Housing
520 _aThis book combines a detailed critique of contemporary housing policy with a philosophical analysis of the role of the state and the capabilities of individuals. Contends that the state is not capable of planning and controlling a sustainable housing policy.
690 _aPROPERTY-RESIDENTIAL PROPERTY-RESIDENTIAL PROPERTY MANAGEMENT
942 _n0
999 _c97471
_d97471